000 01279nam a2200301Ia 4500
001 ebr10175201
003 CaPaEBR
006 m u
007 cr cn|||||||||
008 040518s2004 enk sb 001 0 eng d
020 _z0335213324 (pbk.)
020 _z0335213332 (cased)
040 _aCaPaEBR
_cCaPaEBR
035 _a(OCoLC)182530264
050 1 4 _aLB2391.G7
_bP76 2004eb
082 0 4 _a378.20942
_222
245 0 0 _aProfessional doctorates
_h[electronic resource] :
_bintegrating professional and academic knowledge /
_cDavid Scott ... [et al.].
260 _aMaidenhead :
_bSociety for Research into Higher Education and Academic Knowledge & Open University,
_c2004.
300 _a169 p.
504 _aIncludes bibliographical references and index.
533 _aElectronic reproduction.
_bPalo Alto, Calif. :
_cebrary,
_d2009.
_nAvailable via World Wide Web.
_nAccess may be limited to ebrary affiliated libraries.
650 0 _aDegrees, Academic
_zGreat Britain
_xEvaluation.
650 0 _aEducation
_zGreat Britain.
655 7 _aElectronic books.
_2local
700 1 _aScott, David,
_d1951-
710 2 _aebrary, Inc.
856 4 0 _uhttp://site.ebrary.com/lib/rucke/Doc?id=10175201
_zAn electronic book accessible through the World Wide Web; click to view
999 _c140998
_d140998